000 00886nam a22002417a 4500
999 _c5000
_d5000
003 AR-CdUCM
008 190311b ||||| |||| 00| 0 spa d
040 _aMUNICIPALIDAD PROVINCIAL DEL CUSCO
_cBIBLIOTECA MUNICIPAL DEL CUSCO
041 _hrus
082 _a197 /
_bH47
100 _aHerzen, A.
_915295
245 _aObras filosóficas escogidas /
260 _aMoscú :
_bEdiciones Lenguas Extranjeras,
_c1956,
300 _a636 páginas ;
_bretrato,
_c22 cm.
505 _aContenido: El Diletantismo en la Ciencia -- Los diletantes y en gremio de los sabios -- El budismo en la ciencia -- Cartas sobre el estudio de la naturaleza -- La filosofía Griega ...
650 _aFilosofía
_9395
650 _aRusia
_9499
650 _aLa ciencia antigua
_915296
650 _aEl Socialismo
_915297
700 _aVento, J. (traducción)
_915298
942 _2ddc
_cLIBROS
945 _aachl